Visualizzazione normale
Vista MARC
- Buffon, Giuseppe,
di Personal Name
Records bibliografici associati: 1
001 - CONTROL NUMBER
- control field: 55588
003 - CONTROL NUMBER IDENTIFIER
- control field: IT-RoINE
005 - DATE AND TIME OF LATEST TRANSACTION
- control field: 20181218101555.0
008 - FIXED-LENGTH DATA ELEMENTS
- fixed length control field: 181218|| aca||aabn | a|a d
040 ## - CATALOGING SOURCE
- Original cataloging agency: IT-RoINE
- Transcribing agency: IT-RoINE
100 ## - HEADING--PERSONAL NAME
- Personal name: Buffon, Giuseppe,
- Titles and other words associated with a name: O.F.M.,
- Dates associated with a name: 1963-
670 ## - SOURCE DATA FOUND
- Source citation: Work cat.: (IT-RoINE)0: Buffon, Giuseppe, O.F.M., 1963-, La Chiesa nello specchio del mondo : , 2015.